000 00371nam a2200133Ia 4500
008 231129s1995||||xx |||||||||||||| ||spa||
040 _bspa
082 _a331.4863 E74h
100 _aEscobar Belalcázar Carlos Arnulfo
245 0 _aHistoria Furtiva: Mujer y conflictos laborales
260 _c1995
264 _aUniversidad Tecnológica de Pereira
942 _2ddc
_cBKS
999 _c15297
_d15297